000 00675nam a2200205Ia 4500
005 20220317000946.0
008 160825s1983 ck g 000 0 spa
082 0 4 _a731.9861
_bR81e
100 1 0 _aRubiano Caballero, Germán
_d1938-
245 1 0 _aEscultura colombiana del siglo XX
_cGermán Rubiano Caballero
250 _a1a. edición
300 _a210 páginas
_bláminas
_c19 cm
650 1 4 _2LEMB
_aEscultura
_xHistoria
_ySiglo XX
942 _2ddc
_cBK
264 _aBogotá
_bFondo Cultural Cafetero
_c1983
336 _atexto
_btxt
_2rdacontent
337 _asin mediación
_bn
_2rdamedia
338 _avolumen
_bnc
_2rdacarrier
040 _aCO-BoRNBP
_bspa
_erda
_cCO-BoRNBP
999 _c5522
_d5522